Corporate reputation decoded: Building, managing and strategising for corporate excellence (Record no. 360282)

MARC details
000 -LEADER
fixed length control field 00361 a2200133 4500
000 - LEADER
fixed length control field nam a22 7a 4500
100 ## - MAIN ENTRY--PERSONAL NAME
Personal name Kaul, Asha
110 ## - MAIN ENTRY--CORPORATE NAME
Corporate name or jurisdiction name as entry element Kaul, Asha
245 ## - TITLE STATEMENT
Title Corporate reputation decoded: Building, managing and strategising for corporate excellence
250 ## - EDITION STATEMENT
Edition statement Latest edition
260 ## - PUBLICATION, DISTRIBUTION, ETC.
Name of publisher, distributor, etc. Sage
Date of publication, distribution, etc. 2014
264 ## - PRODUCTION, PUBLICATION, DISTRIBUTION, MANUFACTURE, AND COPYRIGHT NOTICE
Name of producer, publisher, distributor, manufacturer Sage
Date of production, publication, distribution, manufacture, or copyright notice 2014
942 ## - ADDED ENTRY ELEMENTS (KOHA)
Koha item type Books

No items available.

© Designed and Maintained by Vivekananda Library, MDU Rohtak